Images satellites n°1 - Statistiques

Statistiques générales
  • Ce quiz a été pris 21 281 fois
  • Le résultat moyen est 13 sur 17
Statistiques - réponses
Par images Hint Réponse % Correct
Pays Italie
98%
Pays Mexique
98%
Pays Australie
97%
Pays Islande
95%
Pays Chypre
89%
Pays Madagascar
88%
Pays Cuba
79%
Étendue d'eau Mer Noire
77%
Pays Philippines
74%
Pays Danemark
71%
Étendue d'eau Mer des Caraïbes
70%
Étendue d'eau Mer Rouge
70%
Chaîne de montagnes Himalaya
67%
État des États-Unis Michigan
59%
État des États-Unis Washington
54%
Péninsule Basse-Californie
52%
Zone métropolitaine San Francisco
19%
Aucun quiz correspondant
Distribution des résultats
% des personnes avec chaque résultat
Percentile par nombre de réponses
Votre historique - résultats
Vous n’avez pas pris ce quiz